Civil litigation brief: Woolf reforms (19) (Record no. 60458)

MARC details
000 -LEADER
fixed length control field 00719cam a2200193 4500
001 - CONTROL NUMBER
control field ABS60812
008 - FIXED-LENGTH DATA ELEMENTS--GENERAL INFORMATION
fixed length control field 000000n1999 000 0 eng u
035 ## - SYSTEM CONTROL NUMBER
System control number (Sirsi) u101307
100 ## - MAIN ENTRY--PERSONAL NAME
Personal name Exall, G.
245 ## - TITLE STATEMENT
Title Civil litigation brief: Woolf reforms (19)
260 ## - PUBLICATION, DISTRIBUTION, ETC.
Date of publication, distribution, etc. 1999
490 ## - SERIES STATEMENT
Series statement Solicitors' Journal
Volume/sequential designation 143(21) May 1999, 516-517(2)
520 ## - SUMMARY, ETC.
Summary, etc. Part of a series looking at the Woolf reforms, this article discusses Part 32 of the Civil Procedure Rules dealing with evidence. Topics covered include witness statements, hearsay evidence, and the Civil Evidence Act 1985.
650 ## - SUBJECT ADDED ENTRY--TOPICAL TERM
Topical term or geographic name entry element WOOLF REFORMS
650 ## - SUBJECT ADDED ENTRY--TOPICAL TERM
Topical term or geographic name entry element CIVIL PROCEDURE RULES
650 ## - SUBJECT ADDED ENTRY--TOPICAL TERM
Topical term or geographic name entry element CIVIL EVIDENCE ACT 1985
690 ## - LOCAL SUBJECT ADDED ENTRY--TOPICAL TERM (OCLC, RLIN)
Topical term or geographic name as entry element LAW
942 ## - ADDED ENTRY ELEMENTS (KOHA)
Suppress in OPAC 0
Holdings
Withdrawn status Lost status Source of classification or shelving scheme Damaged status Not for loan Home library Current library Shelving location Date acquired Total Checkouts Full call number Barcode Date last seen Copy number Price effective from Koha item type
    Dewey Decimal Classification     London London Journal article 03/11/1999   ABS60812 101307-1001 06/08/2019 1 06/08/2019 Journal article